Psicología política: cambio cultural y participación social

Uloženo v:
Podrobná bibliografie
Hlavní autor: Demicheli Montecinos, Guido (Autor)
Médium: Kniha
Jazyk:španělština
Vydáno: Valparaíso Universidad de Valparaíso 2000
Vydání:1a. ed
Témata:
Tagy: Přidat tag
Žádné tagy, Buďte první, kdo vytvoří štítek k tomuto záznamu!

MARC

LEADER 00000cam a2200000 a 4500
001 UCN6622
003 CL-VaPUC
005 20211104130243.0
008 010928e20000000cl 1 spa d
082 0 4 |a 320.019  |b DEM  |2 21 
100 1 |a Demicheli Montecinos, Guido  |e author  |9 619986 
245 1 0 |a Psicología política: cambio cultural y participación social 
250 |a 1a. ed 
260 |a Valparaíso  |b Universidad de Valparaíso  |c 2000 
300 |a 140 p 
583 |a last modification  |c 20190821 11:40:25  |k Rodrigo Vera 
650 0 7 |a PSICOLOGIA POLITICA  |2 CL-VaPUC  |9 317476 
650 0 7 |a POLITICA CHILENA  |2 CL-VaPUC  |9 435961 
650 0 0 |a Cambio cultural  |9 338163 
650 0 0 |a Participación social  |9 256140 
942 |c BK 
945 |a crobeson  |d 20010928 00:00:00 
546 |a En Español 
536 |a Escuela de Psicología de la Universidad de Valparaíso 
536 |a Presidencia de la Cámara de Diputados de Chile 
518 |p Cambio Cultural y Participación Social, 1, Valparaíso, agosto de 1999 
999 |c 383699  |d 383697 
952 |0 0  |1 0  |4 0  |6 320_019000000000000_DEM_2000  |7 0  |8 A  |9 505914  |a BIBGIM  |b BIBGIM  |d 2020-01-23  |i 373370K  |o 320.019 DEM 2000  |p 373370K  |r 2025-01-15  |w 2020-01-23  |y BK  |k SSL 
952 |0 0  |1 0  |3 erb  |4 0  |6 320_019000000000000_DEM_2000  |7 0  |8 A  |9 505915  |a BIBEDU  |b BIBEDU  |i 5414911  |o 320.019 DEM 2000  |p 5414911  |r 2020-01-23  |w 2020-01-23  |y BK  |z Catalogado en:20170818  |k PSI